Girls Names that start with T - Statistics

General Stats
  • This quiz has been taken 614 times
  • The average score is 10 of 22
Answer Stats
Answer % Correct
Tamara
82%
Teri
77%
Tina
77%
Tonya
70%
Taylor
65%
Tara
64%
Theresa
64%
Tessa
59%
Tabitha
57%
Tracy
55%
Tori
51%
Tiffany
49%
Thalia
45%
Trina
40%
Theodora
38%
Tyler
38%
Tasha
34%
Tallulah
15%
Trista
13%
Taryn
11%
Torrance
8%
Tala
7%
No matching quizzes found
Score Distribution
Percent of People with Each Score
Percentile by Number Answered
Your Score History
You have not taken this quiz